书目信息 |
| 题名: |
火电行业环境保护法律法规、技术规范与标准汇编
|
|
| 作者: | 王冬朴 , 孔令辉 主编 ;生态环境部 编 | |
| 分册: | ||
| 出版信息: | 北京 中国环境出版集团 2019.01 |
|
| 页数: | 835页 | |
| 开本: | 26cm | |
| 丛书名: | ||
| 单 册: | ||
| 中图分类: | D922.68 | |
| 科图分类: | ||
| 主题词: | 火电厂--huo dian chang--环境保护政策--中国--汇编 , 火电厂--huo dian chang--环境保护法--中国--汇编 | |
| 电子资源: | ||
| ISBN: | 978-7-5111-3842-2 | |
| 000 | 01226nam0 2200277 450 | |
| 001 | 0100010168 | |
| 005 | 20190905093951.0 | |
| 010 | @a978-7-5111-3842-2@dCNY193.00 | |
| 100 | @a20190831d2019 em y0chiy50 ea | |
| 101 | 0 | @achi |
| 102 | @aCN@b110000 | |
| 105 | @aak z 000yy | |
| 106 | @ar | |
| 200 | 1 | @a火电行业环境保护法律法规、技术规范与标准汇编@Ahuo dian hang ye huan jing bao hu fa lu^ fa gui 、 ji shu gui fan yu biao zhun hui bian@f生态环境部环境工程评估中心编 |
| 210 | @a北京@c中国环境出版集团@d2019.01 | |
| 215 | @a835页@c图@d26cm | |
| 314 | @a书内题: 王冬朴, 孔令辉主编 | |
| 330 | @a本书重点收集整理了2014年至2018年新发布的相关法律政策, 同时适当对2014年以前的部分文件进行补充, 将上市核查专章和作废文件予以剔除, 内容包括: 产业政策 ; 污染防治 ; 排污许可与环境监管 ; 信息公开与公众参与。 | |
| 606 | 0 | @a火电厂@Ahuo dian chang@x环境保护政策@y中国@j汇编 |
| 606 | 0 | @a火电厂@Ahuo dian chang@x环境保护法@y中国@j汇编 |
| 690 | @aD922.68@v5 | |
| 701 | 0 | @a王冬朴@Awang dong pu@4主编 |
| 701 | 0 | @a孔令辉@Akong ling hui@4主编 |
| 712 | 02 | @a生态环境部@Asheng tai huan jing bu@b环境工程评估中心@Bhuan jing gong cheng ping gu zhong xin@4编 |
| 801 | 0 | @aCN@c20190905 |
| 905 | @a河南城建学院图书馆@dD922.68@eW154 | |
| 火电行业环境保护法律法规、技术规范与标准汇编/生态环境部环境工程评估中心编.-北京:中国环境出版集团,2019.01 |
| 835页:图;26cm |
| ISBN 978-7-5111-3842-2:CNY193.00 |
| 本书重点收集整理了2014年至2018年新发布的相关法律政策, 同时适当对2014年以前的部分文件进行补充, 将上市核查专章和作废文件予以剔除, 内容包括: 产业政策 ; 污染防治 ; 排污许可与环境监管 ; 信息公开与公众参与。 |
| ● |
| 相关链接 |
|
|
|
正题名:火电行业环境保护法律法规、技术规范与标准
索取号:D922.68/W154
 
预约/预借
| 序号 | 登录号 | 条形码 | 馆藏地/架位号 | 状态 | 备注 |
| 1 | 1437663 | 214376637 | 社科库509/509社科库 90排4列1层/ [索取号:D922.68/W154] | 在馆 |